The future of freedom : (Record no. 15311)

000 -LEADER
fixed length control field 01161cam a22003014a 4500
001 - CONTROL NUMBER
control field 12986785
005 - DATE AND TIME OF LATEST TRANSACTION
control field 20170105102915.0
008 - FIXED-LENGTH DATA ELEMENTS--GENERAL INFORMATION
fixed length control field 021030s2003 nyu b 001 0 eng
010 ## - LIBRARY OF CONGRESS CONTROL NUMBER
LC control number 2002153051
020 ## - INTERNATIONAL STANDARD BOOK NUMBER
International Standard Book Number 1402566182
040 ## - CATALOGING SOURCE
Original cataloging agency DLC
Transcribing agency DLC
Modifying agency DLC
042 ## - AUTHENTICATION CODE
Authentication code pcc
050 00 - LIBRARY OF CONGRESS CALL NUMBER
Classification number JC423
Item number .Z35 2003
082 00 - DEWEY DECIMAL CLASSIFICATION NUMBER
Classification number 321.8
Edition number 21
100 1# - MAIN ENTRY--PERSONAL NAME
Personal name Zakaria, Fareed.
245 14 - TITLE STATEMENT
Title The future of freedom :
Remainder of title illiberal democracy at home and abroad /
Statement of responsibility, etc. Fareed Zakaria.
250 ## - EDITION STATEMENT
Edition statement 1st ed.
260 ## - PUBLICATION, DISTRIBUTION, ETC.
Place of publication, distribution, etc. New York :
Name of publisher, distributor, etc. W.W. Norton & Co.,
Date of publication, distribution, etc. c2003.
300 ## - PHYSICAL DESCRIPTION
Extent 385 p. ;
Dimensions 25 cm.
504 ## - BIBLIOGRAPHY, ETC. NOTE
Bibliography, etc. note Includes bibliographical references and index.
505 0# - FORMATTED CONTENTS NOTE
Formatted contents note The democratic age -- A brief history of human liberty -- The twisted path -- Illiberal democracy -- The Islamic exception -- Too much of a good thing -- The death of authority -- The way out.
650 #0 - SUBJECT ADDED ENTRY--TOPICAL TERM
Topical term or geographic name entry element Democracy.
650 #0 - SUBJECT ADDED ENTRY--TOPICAL TERM
Topical term or geographic name entry element Liberty.
650 #0 - SUBJECT ADDED ENTRY--TOPICAL TERM
Topical term or geographic name entry element Political science
General subdivision Philosophy.
906 ## - LOCAL DATA ELEMENT F, LDF (RLIN)
a 7
b cbc
c orignew
d 1
e ecip
f 20
g y-gencatlg
942 ## - ADDED ENTRY ELEMENTS (KOHA)
Source of classification or shelving scheme
Koha item type Book
Holdings
Withdrawn status Lost status Damaged status Not for loan Collection code Permanent Location Current Location Shelving location Date acquired Total Checkouts Full call number Barcode Date last seen Price effective from Koha item type
          Centre for International Peace & Stability (CIPS) Centre for International Peace & Stability (CIPS) General Stacks 09/27/2013   321.8 ZAK 2003 CIPS0001542 11/26/2013 11/26/2013 Book
© 2023 Central Library, National University of Sciences and Technology. All Rights Reserved.